Quizzes
Events
Quiz Creation
Community
Videos
Private Events
Remove Ads
Sign In
Join for FREE
Feedback
Dark Mode
Quiz Categories
Sports
Geography
Music
Movies
Television
Just For Fun
Miscellaneous
History
Literature
Language
Science
Gaming
Entertainment
Religion
Holiday
For Kids
Quiz Lab
Recent
Popular Today
Quiz Kudos Today
Editor Picks
Curator Picks
Quizzes by...
Day
Popularity
Type
Ratings
Length
Year
Community
Subscriptions
Recent Discussions
Orange Saloon
Badges
Playlists
Quests
Create
Leaderboards
Showdown
Live 5
Trivia Bingo
Activity
Puzzle Library
Sporcle Events
Private Events
Virtual Trivia
Globe League
Become a Host
Pub Owners
SporcleCon
Opinionation
Our Games
Videos
Blog
Mobile Apps
Partnerships
Remove Ads and Go Orange
Feedback
Literature
Harry Potter
A Song of Ice and Fire
The Hunger Games
Literary Character
Shakespeare
Book
Author
Novel
Poem
Young Adult
Children's Books
Play
Lord of the Rings
Literature
Harry Potter
A Song of Ice and Fire
The Hunger Games
Literary Character
Shakespeare
Book
Author
Novel
Poem
Young Adult
Children's Books
Play
Lord of the Rings
Random Quiz
Search Sporcle
×
Quiz Lab
Quiz Lab
Literature
World
Type in answers that appear in a list
Type in answers that appear in a list
Classic
Best Score? Go Orange.
People at the Quidditch World Cup Stats
Can you name the people mentioned by name at the Quidditch World Cup?
By
Foxen
10m
65 Questions
303 Plays
303 Plays
303 Plays
Comments
Comments
Give Quiz Kudos
Give Quiz Kudos
-
- Ratings
hide this ad
More Info
Replay
Link that replays current quiz
Next Quiz
Link to next quiz in quiz playlist
You Got
0%
They Got
Avg Score
47%
Avg Friend Score
Upgrade to see
Score Distribution
Jump to the score distribution portion of the page
Score
0/65
Timer
10:00
0
Plays Today
Group
Person
% Correct
Hogwarts Student
Harry Potter
99.7%
Hogwarts Student
Ron Weasley
97.4%
Bulgarian Quidditch Team
Viktor Krum
95.4%
Hogwarts Student
Hermione Granger
93.7%
Hogwarts Student
Fred Weasley
91.7%
Hogwarts Student
George Weasley
91.7%
Hogwarts Student
Draco Malfoy
89.1%
Miscellaneous
Lucius Malfoy
87.5%
Hogwarts Student
Ginny Weasley
86.8%
Ministry of Magic
Arthur Weasley
86.1%
Ministry of Magic
Bartemius Crouch Sr.
85.5%
Death Eater
Bartemius Crouch Jr.
85.5%
Miscellaneous
Narcissa Malfoy
83.8%
Hogwarts Student
Seamus Finnigan
82.5%
Ministry of Magic
Cornelius Fudge
82.5%
Ministry of Magic
Percy Weasley
79.9%
Hogwarts Student
Dean Thomas
78.9%
House Elf
Winky
76.9%
Miscellaneous
Charlie Weasley
73.3%
Miscellaneous
Bill Weasley
72.9%
Ministry of Magic
Ludo Bagman
71.9%
Hogwarts Student
Cedric Diggory
70.3%
Ministry of Magic
Amos Diggory
68.6%
Bulgarian Mascots
Veela
58.1%
Miscellaneous
Oliver Wood
52.5%
Irish Mascots
Leprechauns
50.5%
Hogwarts Student
Cho Chang
49.5%
Irish Quidditch Team
Moran
48.2%
Irish Quidditch Team
Aidan Lynch
45.9%
Irish Quidditch Team
Troy
42.2%
Muggle
Mr. Roberts
41.3%
Miscellaneous
Oliver Wood's Parents
40.9%
Muggle
Mrs. Roberts
40.3%
Group
Person
% Correct
Irish Quidditch Team
Mullet
39.6%
Muggles
Roberts' children
39.6%
Quidditch Referee
Hassan Mostafa
38.9%
Hogwarts Student
Luna Lovegood
36.3%
Beauxbatons
Madame Maxime
36.3%
Miscellaneous
Xenphilius Lovegood
31.7%
Miscellaneous
Mrs. Finnigan
29%
Hogwarts Student
Ernie MacMillan
28.7%
Ministry of Magic
Broderick Bode
27.7%
Irish Quidditch Team
Quigley
23.4%
Bulgarian Ministry of Magic
Bulgarian Minister of Magic (Oblansk... Obalonsk...)
22.4%
Miscellaneous
Stan Shunpike
21.8%
Miscellaneous
Archie
21.1%
Irish Quidditch Team
Ryan
20.5%
Irish Quidditch Team
Connolly
19.8%
Bulgarian Quidditch Team
Ivanova
19.5%
Bulgarian Quidditch Team
Levski
18.8%
Ministry of Magic
Croaker
18.5%
Bulgarian Quidditch Team
Vulchanov
18.5%
Bulgarian Quidditch Team
Dimitrov
18.2%
Bulgarian Quidditch Team
Zograf
16.8%
Miscellaneous
Kevin
16.5%
Bulgarian Quidditch Team
Volkov
16.2%
(implied) Miscellaneous
Rita Skeeter
15.8%
Ministry of Magic
Basil
14.5%
Ministry of Magic
Arnold Peasegood
14.5%
Muggle
Mr. Payne
13.9%
Ministry of Magic
Cuthbert Mockridge
10.9%
Miscellaneous
Mundungus Fletcher
10.9%
Ministry of Magic
Gilbert Wimple
10.6%
Miscellaneous
Agatha Timms
8.6%
Miscellaneous
Roddy Pontner
7.6%
Quiz Playlist
Details
Report
Send in Message
Add To Playlist
More Info:
Based on chapters six through nine of 'Goblet of Fire'. Includes all named characters present.
Classic:
Type in answers that appear in a list
Last Updated: Feb 16, 2017
Quiz Scoreboard
CHALLENGE
Sign Up to Join the Scoreboard
Show All
Scores
Hide
Comments
May contain spoilers
Recently Published
College Basketball Coaching Resumes
by pancakes188
Sports
9m
Billboard Blitz: Fleetwood Mac
by CooCooCachoo
Music
15s
Presidents Visiting Landmarks
by Hejman
History
7m
More to Explore
Quiz From the Vault
Featured Blog Post
Where Did the Easter Bunny Come From?
hide this ad
You Might Also Like...
Tags
World Quiz
cup
group
mentions
Person
Quidditch
Quidditch World
Today's Top Quizzes in Literature
Browse Literature
hide this ad
Today's Top Quizzes in World
Browse World
Top Contributed Quizzes in Literature
1
Sneaky Slytherin Logic Puzzle
2
Get The Picture: Black or White Literature
3
5-to-1: Plays
4
A Court of Thorns and Roses (ACoTaR) Logic Puzzle
5
One Thing in Common: Literature
6
One Thing in Common: Literature 3
7
One Thing in Common: Literature II
8
One Thing in Common: Books
9
Literary Siblings Odd One Out III
10
Harry Potter Neighbourly Logic Puzzle #5
Explore More
Trending Topics
Harry Potter
Kpop
Disney
Marvel
NBA
Anime
Crossword
Pokémon
Country
Soccer
Puzzle
The Office
WWE
NFL
Song
hide this ad
More By:
Foxen
Quiz
Plays
Rating
Category
Featured
Created
All That Is Gold Does Not Glitter
42,563
4.55
Literature
Feb 8, 2010
The Rainbow Connection Lyrics
24,862
4.77
Music
May 16, 2011
Redwall Books
9,968
4.34
Literature
Oct 11, 2009
100 Most Common Books at LibraryThing
9,412
4.40
Literature
Oct 6, 2009
Named Deaths in A Song of Ice and Fire (Spoilers!)
6,527
4.74
Literature
Jul 30, 2014
Go to Creator's Profile
Score Distribution
Quiz Creator Spotlight
Foxen
Follow
Send a Message
Quizzes Created
-
Created Quiz Play Count
-
More By This Creator
Popular Quizzes Today
1
Find the US States - No Outlines Minefield
2
Find the Countries of Europe - No Outlines Minefield
3
The Countries of the World
4
Find the US States
5
Risky Map Clicking: Biggest States A-Z
6
US States
7
Popular People in 1961
8
Movies - When Are They Set?
More Literature Quizzes
Who Wrote That 'X,' 'Y,' or 'Z' Book?
Published
Trending Quizzes
Risky Map Clicking: Least Populous States A-Z
1-10 Letter G Words
1-10 Letter F Words
Risky Map Clicking: Next State Alphabetically
Risky Map Clicking: Biggest States A-Z
Recently Updated
Leaping Animals
pecheneg
Reality TV Shows (A-Z)
bhenderson79
Rickey Henderson's Hall of Fame Teammates
pecheneg
Champions League XIs: Arsenal
pecheneg
Quick Pick: Celebrities in WWE's Hall of Fame
aduchscher
A-Z Keypad Blitz II
pecheneg
Multiple Oscar Actors
pecheneg
Mystery Phrase Blitz: Oscar 'Best Actors'
pecheneg
F. Scott Fitzgerald Novels
LTH
Pick 3 Villains
ddd62291
Trending Topics
NBA
Kpop
Crossword
Anime
Marvel
Harry Potter
Disney
The Office
WWE
Soccer
Pokémon
Puzzle
Song
NFL
Country
Your Account Isn't Verified!
In order to create a playlist on Sporcle, you need to verify the email address you used during registration. Go to your
Sporcle Settings
to finish the process.
Report this User
Report this user for behavior that violates our
Community Guidelines
.
Details:
Send Report
Go to the Sporcle.com Mobile Site →
Comments